000 00293nam a22001457a 4500
003 SGT
082 _a530,GOY
100 _aGOYAL,J.K
245 _aFLUID DYNAMICS
250 _a23RD
260 _aMEERUT
_bPRAGATI PRAKASHAN
_c2016
300 _a587
650 _aPHYSICS
942 _2ddc
_cFPS
_02
999 _c10011
_d10011